000 00618cam a2200205 a 4500
001 11808572
005 20241118200610.0
008 991013s2000 caua 001 0 eng
020 _a9780534365868
050 0 0 _aQA303
_b.T142 2000
082 0 0 _a515
_221
100 1 _aTan, S. T.
_q(Soo Tang)
245 1 0 _aCalculus for the managerial, life, and social sciences /
_cS.T. Tan.
250 _a5th ed.
260 _aPacific Grove, CA :
_bBrooks/Cole Thomson Learning
_cc2000.
300 _axvii, 729 p. :
_bill. (some col.) ;
_c27 cm.
500 _aIncludes index.
650 0 _aCalculus.
942 _2lcc
_cBK
_e5th Ed.
_n0
999 _c1330
_d1330